Amphitryon 38 : (Record no. 20326)
[ view plain ]
| 000 -LEADER | |
|---|---|
| fixed length control field | 00866nam a2200277 4500 |
| 001 - CONTROL NUMBER | |
| control field | 20326 |
| 003 - CONTROL NUMBER IDENTIFIER | |
| rucl marc code | BD-RjUL |
| 005 - DATE AND TIME OF LATEST TRANSACTION | |
| control field | 20211209000541.0 |
| 008 - FIXED-LENGTH DATA ELEMENTS--GENERAL INFORMATION | |
| fixed length control field | 140227s1969 enk 000 0 eng |
| 020 ## - INTERNATIONAL STANDARD BOOK NUMBER | |
| International Standard Book Number | 0423798502 |
| 035 ## - SYSTEM CONTROL NUMBER | |
| System control number | (BD-RjUL)20388 |
| 040 ## - CATALOGING SOURCE | |
| Original cataloging agency | DLC |
| Transcribing agency | DLC |
| Modifying agency | BD-RjUL |
| Language of cataloging | eng |
| 041 0# - LANGUAGE CODE | |
| Language code of text/sound track or separate title | eng |
| 082 00 - DEWEY DECIMAL CLASSIFICATION NUMBER | |
| Classification number | 842.912 |
| Author mark and year | GIA 1969 |
| 100 1# - MAIN ENTRY--PERSONAL NAME | |
| Personal name | Giraudoux, Jean |
| Dates associated with a name | 1882-1944. |
| 9 (RLIN) | 62089 |
| 245 10 - TITLE STATEMENT | |
| Title | Amphitryon 38 : |
| Remainder of title | comédie en trois actes / |
| Statement of responsibility, etc. | Jean Giraudoux, edited by R. K. Totton. |
| 260 ## - PUBLICATION, DISTRIBUTION, ETC. (IMPRINT) | |
| Place of publication, distribution, etc. | London : |
| Name of publisher, distributor, etc. | Methuen Educational, |
| Date of publication, distribution, etc. | c1969. |
| 300 ## - PHYSICAL DESCRIPTION | |
| Pagination | xxvi, 110 p. ; |
| Size | 21 cm. |
| 490 0# - SERIES STATEMENT | |
| Series statement | Methuen's twentieth century texts |
| 500 ## - GENERAL NOTE | |
| General note | French text, English introd. and notes. |
| 650 #0 - SUBJECT ADDED ENTRY--TOPICAL TERM | |
| Topical term or geographic name as entry element | Amphitryon (Greek mythology) |
| General subdivision | Drama. |
| 9 (RLIN) | 62652 |
| 700 1# - ADDED ENTRY--PERSONAL NAME | |
| Personal name | Totton, R. K. |
| Relator term | ed. |
| 942 ## - ADDED ENTRY ELEMENTS (KOHA) | |
| Source of classification or shelving scheme | Dewey Decimal Classification |
| Koha item type | Books |
| Lost status | Source of classification or shelving scheme | Damaged status | Not for loan | Collection code | Permanent Location | Current Location | Shelving location | Date acquired | Source of acquisition | Cost, normal purchase price | Total Checkouts | Full call number | Date last seen | Copy number | Koha item type |
|---|---|---|---|---|---|---|---|---|---|---|---|---|---|---|---|
| Dewey Decimal Classification | Not For Loan | Non-fiction | Central Library, University of Rajshahi | Central Library, University of Rajshahi | Reading Room | 28/08/1971 | Dhaka, Provincial Book Dept. | 14.00 | 842.912 GIA 1969 | 27/02/2014 | C-1 | Books |